00633nam a2200229 a 4500001001300000003000900013005001700022008004100039020000800080082001500088100002700103245002000130260003400150500003500184505001400219650002000233700002700253902000800280942000700288952009300295999001500388nice12345678IN_TiNIC20260116011540.0050524s1907 egya grm 000 0 03g  ac000a297.2bEIJ aEiji, Izuddin A Rahman aKitabul Muwaqif aEgyptbMutbata as Sadaac1907 aincludes index and biblioraphy2 areference aIslam-Doctrines1 aEiji, Izuddin A Rahman bRBA cPM 00104070aHMIbHMId2005-05-24g0.00l0o297.2 EIJp4768r2005-05-24w2026-01-16yARB c2534d2534